| 000 | 00991nam a2200313Ia 4500 | ||
|---|---|---|---|
| 001 | Z_6194 | ||
| 003 | CHAP | ||
| 008 | 220113s1999 xx 000 0 und d | ||
| 010 | _a169435 | ||
| 020 | _a968-7541-04-0 | ||
| 040 | _cCHAP | ||
| 082 | _a636.085 M37 | ||
| 100 |
_aMartín, Pedro Carlos _9144090 |
||
| 245 |
_aManual para fincas y ranchos ganaderos: indicadores útiles para su manejo. Tablas tropicales de composición de alimentos / _cPedro Carlos Martín, José Manuel Palma García |
||
| 260 |
_aMéxico : _bUniversidad de Colima, _c1999 |
||
| 300 | _a120 p. | ||
| 503 | _aej.1: ? | ||
| 504 | _aBibliografía : p. 119 - 120 | ||
| 650 |
_aAlimentos y alimentación del ganado\ _94326 |
||
| 650 |
_aGanadería _xTrópicosfincas y ranchos ganaderos _9144091 |
||
| 650 |
_aNutrición animal _982275 |
||
| 700 |
_aPalma García, José Manuel, coaut. _9144092 |
||
| 901 | _a636.085 M37 | ||
| 902 | _aM | ||
| 910 | _a1999 | ||
| 942 | _c1 | ||
| 942 | _cc1 | ||
| 999 |
_c169435 _d169435 |
||